| 000 | 00712nam a22002297a 4500 | ||
|---|---|---|---|
| 003 | 0 | ||
| 005 | 20240918160608.0 | ||
| 008 | 240918b xxu||||| |||| 00| 0 eng d | ||
| 020 | _a978-19-167840-1-7 | ||
| 050 |
_aRC 952 _b.W55 2024 |
||
| 100 | _aWilson, Jack | ||
| 245 |
_aGeriatrics _bdiagnosis and treatment _cJack Wilson |
||
| 250 | _aFirst edition | ||
| 260 |
_aLondon, United Kingdom _bVintage Press, Ltd. _cc2024. |
||
| 300 |
_aix, 292 pages : _bcolored illustrations and pictures ; _c24cm. |
||
| 504 | _aIncludes bibliographical references and index. | ||
| 650 | _aDiagnosis. | ||
| 650 | _aGeriatrics. | ||
| 650 | _aGeriatrics assessment. | ||
| 650 | _aChronic disease. | ||
| 942 |
_2lcc _cBK |
||
| 999 |
_c366250 _d366250 |
||